| 000 | 01230nam a2200337 c 4500 | ||
|---|---|---|---|
| 001 | 12926 | ||
| 003 | ES-MaCES | ||
| 005 | 20141221122221.0 | ||
| 008 | 011107s2001 sp o000 | spa d | ||
| 017 |
_aM 4992-1998 _bDL |
||
| 035 | _aCES20010016816m | ||
| 040 |
_aES-MaCES _bspa _cES-MaCES |
||
| 110 | 2 |
_aInstituto Nacional de Estadística (España) _bOficina del Censo Electoral _94274 |
|
| 245 | 1 | 0 |
_aActuaciones de la Oficina del Censo Electoral _pElecciones al Parlamento Vasco 2001 _hRecurso electrónico |
| 260 |
_aMadrid _bOficina del Censo Electoral _c[2001] |
||
| 300 |
_a1 disquete _c10 cm |
||
| 500 | _aTít. tomado de la etiqueta del disquete | ||
| 500 | _aCaracterísticas del sistema: sistema operativo windows 3.*, windows 95 o superior | ||
| 541 | _cGratuito | ||
| 650 | 4 |
_aelección _927234 |
|
| 650 | 4 |
_aparlamento _927198 |
|
| 650 | 4 |
_aPaís Vasco _930799 |
|
| 650 | 4 |
_a2001 _931582 |
|
| 650 | 4 |
_adatos estadísticos _930765 |
|
| 650 | 4 |
_adiskette _930088 |
|
| 653 | 1 | 0 | _aEstadísticas económico-sociales |
| 787 | 0 |
_tActuaciones de la Oficina del Censo Electoral _w(ES-MaCES)8200 |
|
| 902 | _aELE PUB. ELECTRONICA | ||
| 942 |
_2CES _cBK _h8.2. |
||
| 999 |
_c12926 _d12926 |
||